000 00473nam a2200181Ia 4500
001 9371
005 20260306161713.0
008 260306t2013||||xx |||||||||||||| ||spa||
041 _aESP
082 _a378.17
_bB81
100 _aBrauer, Markus
_eAUT
245 0 _aEnseñar en la universidad:
_bconsejos prácticos, destrezas y métodos pedagógicos
260 _c2013
300 _a230 páginas :
_c23 cm.
650 _aGEN
654 _aCED
942 _cLIB
_dJUS
_fJUS
_2ddc
_n
999 _c9371
_d9371